000 00583nam a2200193Ia 4500
005 20260114185819.0
008 008 260114s9999 xx 000 0 eng d
020 _a9781474287852
037 _aEBOOK
040 _aCRL
_beng
_cCRL
041 _aeng
_2eng
084 _qCRL
100 _aGeorge McKay
_9874721
245 0 _aYankee Go Home (& Take Me With U) Americanization and Popular Culture
260 _bBloomsbury
_c2016
856 _uhttps://doi.org/10.5040/9781474287852?locatt=label:secondary_bloomsburyCollections
942 _cEBOOK
999 _c1473655
_d1473655